Sports Quiz

Random Sports or Baseball Quiz
Score 0/138 Timer 14:00
1 Play Today
Team Player % Correct
Houston AstrosCraig Biggio
74.2%
Houston AstrosCraig Biggio
74.2%
Houston AstrosCraig Biggio
74.2%
Houston AstrosCraig Biggio
74.2%
Houston AstrosCraig Biggio
74.2%
Atlanta BravesLonnie Smith
70.4%
Chicago CubsDwight Smith
70.3%
Philadelphia PhilliesLenny Dykstra
66.7%
Philadelphia PhilliesLenny Dykstra
66.7%
Philadelphia PhilliesLenny Dykstra
66.7%
Philadelphia PhilliesLenny Dykstra
66.7%
Philadelphia PhilliesLenny Dykstra
66.7%
Chicago CubsLance Johnson
59.9%
Chicago CubsLance Johnson
59.9%
New York MetsLance Johnson
59.9%
New York MetsLance Johnson
59.9%
Atlanta BravesKenny Lofton
55.5%
New York MetsRickey Henderson
54.6%
San Diego PadresRickey Henderson
54.6%
San Diego PadresRickey Henderson
54.6%
Pittsburgh PiratesAlex Cole
48.9%
Atlanta BravesOtis Nixon
48.8%
Atlanta BravesOtis Nixon
48.8%
Atlanta BravesOtis Nixon
48.8%
Atlanta BravesMarquis Grissom
48.4%
Atlanta BravesMarquis Grissom
48.4%
Montreal ExposMarquis Grissom
48.3%
New York MetsVince Coleman
48.2%
New York MetsVince Coleman
48.2%
New York MetsVince Coleman
48.2%
St. Louis CardinalsVince Coleman
48.2%
Colorado RockiesEric Young
40%
Colorado RockiesEric Young
40%
Colorado RockiesEric Young
40%
Colorado RockiesEric Young
40%
Los Angeles DodgersEric Young
40%
Los Angeles DodgersEric Young
40%
Cincinnati RedsDeion Sanders
39.4%
Cincinnati RedsDeion Sanders
39.4%
Cincinnati RedsReggie Sanders
39.4%
Atlanta BravesGerald Williams
39.3%
Los Angeles DodgersBrett Butler
38.3%
Los Angeles DodgersBrett Butler
38.3%
Los Angeles DodgersBrett Butler
38.3%
Los Angeles DodgersBrett Butler
38.3%
Los Angeles DodgersBrett Butler
38.3%
Team Player % Correct
New York MetsBrett Butler
38.3%
San Francisco GiantsBrett Butler
38.3%
Montreal ExposRondell White
37.6%
Montreal ExposRondell White
37.6%
Chicago CubsChico Walker
37.5%
Pittsburgh PiratesTony Womack
36.3%
Pittsburgh PiratesTony Womack
36.3%
Arizona DiamondbacksTony Womack
36.3%
Florida MarlinsLuis Castillo
35.6%
Florida MarlinsLuis Castillo
35.6%
Houston AstrosSteve Finley
34.8%
San Diego PadresSteve Finley
34.8%
Los Angeles DodgersDelino DeShields
34.5%
Los Angeles DodgersDelino DeShields
34.5%
St. Louis CardinalsDelino DeShields
34.5%
Montreal ExposDelino DeShields
34.5%
Montreal ExposDelino DeShields
34.5%
Montreal ExposDelino DeShields
34.5%
Montreal ExposDelino DeShields
34.5%
St. Louis CardinalsEdgar Renteria
31.1%
Cincinnati RedsChris Sabo
29.9%
St. Louis CardinalsRay Lankford
29.2%
St. Louis CardinalsRay Lankford
29.2%
St. Louis CardinalsRay Lankford
29.2%
Cincinnati RedsBip Roberts
28.6%
Cincinnati RedsBip Roberts
28.6%
San Diego PadresBip Roberts
28.6%
San Diego PadresBip Roberts
28.6%
San Diego PadresBip Roberts
28.6%
Pittsburgh PiratesAl Martin
27.9%
Atlanta BravesWalt Weiss
22%
Colorado RockiesWalt Weiss
22%
Chicago CubsJerome Walton
21.5%
San Francisco GiantsDarren Lewis
20.1%
San Francisco GiantsDarren Lewis
20.1%
San Francisco GiantsDarren Lewis
20.1%
San Francisco GiantsDarren Lewis
20.1%
Colorado RockiesNeifi Perez
19.4%
Colorado RockiesNeifi Perez
19.4%
San Diego PadresTony Fernandez
19.1%
Philadelphia PhilliesMickey Morandini
18.6%
Milwaukee BrewersFernando Vina
18.6%
St. Louis CardinalsBernard Gilkey
18.2%
St. Louis CardinalsBernard Gilkey
18.2%
San Francisco GiantsDarryl Hamilton
17.4%
San Francisco GiantsDarryl Hamilton
17.4%
Team Player % Correct
Philadelphia PhilliesDoug Glanville
17%
Philadelphia PhilliesDoug Glanville
17%
New York MetsGregg Jefferies
16.8%
Florida MarlinsChuck Carr
16.4%
Florida MarlinsChuck Carr
16.4%
Pittsburgh PiratesCarlos Garcia
16.3%
Pittsburgh PiratesCarlos Garcia
16.3%
Houston AstrosBrian L. Hunter
15.9%
Houston AstrosBrian L. Hunter
15.9%
St. Louis CardinalsRoyce Clayton
15.3%
St. Louis CardinalsRoyce Clayton
15.3%
Florida MarlinsQuilvio Veras
14.8%
Florida MarlinsQuilvio Veras
14.8%
San Diego PadresQuilvio Veras
14.8%
San Diego PadresQuilvio Veras
14.8%
Chicago CubsBrian McRae
14.7%
Chicago CubsBrian McRae
14.7%
Chicago CubsBrian McRae
14.7%
New York MetsBrian McRae
14.7%
Los Angeles DodgersLenny Harris
13.1%
Montreal ExposMark Grudzielanek
13%
Montreal ExposMark Grudzielanek
13%
Atlanta BravesRoberto Kelly
11.9%
Pittsburgh PiratesWally Backman
10.5%
Pittsburgh PiratesOrlando Merced
10.1%
Cincinnati RedsMike Cameron
9.4%
Cincinnati RedsBill Doran
8.7%
Chicago CubsKarl 'Tuffy' Rhodes
8.2%
San Francisco GiantsMarvin Benard
8.1%
San Francisco GiantsMarvin Benard
8.1%
New York MetsJose Vizcaino
7.9%
Cincinnati RedsThomas Howard
7.9%
Cincinnati RedsThomas Howard
7.9%
Milwaukee BrewersMark Loretta
7.8%
Arizona DiamondbacksAndy Fox
7.2%
Houston AstrosEric Yelding
6.5%
Pittsburgh PiratesJermane Allensworth
4.9%
Chicago CubsDoug Dascenzo
3.8%
Montreal ExposF.P. Santangelo
3.4%
Houston AstrosJames Mouton
3.1%
Philadelphia PhilliesRicky Otero
3.1%
San Francisco GiantsMike Felder
3%
Philadelphia PhilliesMidre Cummings
2.8%
Florida MarlinsTodd Dunwoody
2.6%
Pittsburgh PiratesJacob Brumfield
2.3%
San Diego PadresJeff Gardner
2.3%
Remove Ads.
Support Sporcle.
Get the best of Sporcle when you Go Orange. This ad-free experience offers more features, more stats, and more fun while also helping to support Sporcle. Thank you for becoming a member.

You're not logged in!

Compare scores with friends on all Sporcle quizzes.
OR
Log In

Show Comments

Extras

Top Quizzes Today


Score Distribution

Your Account Isn't Verified!

In order to create a playlist on Sporcle, you need to verify the email address you used during registration. Go to your Sporcle Settings to finish the process.

Report this User

Report this user for behavior that violates our Community Guidelines.

Details: